Discours et analyse du discours: une introduction
में बचाया:
| मुख्य लेखक: | |
|---|---|
| स्वरूप: | पुस्तक |
| भाषा: | फ़्रेंच |
| प्रकाशित: |
París, France.
Armand Colin,
2014
|
| श्रृंखला: | Collection ICOM
|
| विषय: | |
| टैग: |
टैग जोड़ें
कोई टैग नहीं, इस रिकॉर्ड को टैग करने वाले पहले व्यक्ति बनें!
|
MARC
| LEADER | 00000cam a2200000 a 4500 | ||
|---|---|---|---|
| 001 | UCB0160 | ||
| 003 | CL-VaPUC | ||
| 005 | 20231128114028.0 | ||
| 008 | 191213e20140000fr fre d | ||
| 999 | |c 376361 |d 376359 | ||
| 020 | |a 9782200-617325 | ||
| 040 | |c Pontificia Universidad Católica de Valparaíso | ||
| 082 | 0 | 4 | |a 401.41 MAI 2014 |2 21 |
| 100 | |a Maingueneau, Dominique |e autor |9 412 | ||
| 245 | 1 | 0 | |a Discours et analyse du discours: une introduction |
| 260 | |a París, France. |b Armand Colin, |c 2014 | ||
| 300 | |a 216 páginas | ||
| 490 | 0 | |a Collection ICOM | |
| 583 | |a last modification |c 20191213 11:48:00 |k Rodrigo Vera | ||
| 650 | 0 | 0 | |a Análisis del discurso |9 256696 |
| 650 | 0 | 0 | |a Argumentación |9 257103 |
| 650 | 0 | 0 | |a Filosofía del lenguaje |9 257082 |
| 852 | |a BIBEDU | ||
| 942 | |c BK |2 ddc | ||
| 945 | |a dcastane |d 20191213 11:48:00 | ||
| 952 | |0 0 |1 0 |2 ddc |4 0 |6 401_410000000000000_MAI_2014 |7 0 |8 A |9 494941 |a BIBEDU |b BIBEDU |d 2019-12-09 |e 2 |g 39707.00 |i 5567424 |o 401.41 MAI 2014 |p 5567424 |r 2019-12-09 |t 1 |v 39707.00 |w 2019-12-09 |y BK |k LIT | ||